Aproximaciones a la literatura marroquí
Gorde:
| Egile nagusia: | |
|---|---|
| Formatua: | Liburua |
| Hizkuntza: | gaztelania |
| Argitaratua: |
Coquimbo
Centro Mohammed VI
2013
|
| Edizioa: | 1a. ed |
| Gaiak: | |
| Etiketak: |
Etiketa erantsi
Etiketarik gabe, Izan zaitez lehena erregistro honi etiketa jartzen!
|
MARC
| LEADER | 00000cam a2200000 a 4500 | ||
|---|---|---|---|
| 001 | UCE1081 | ||
| 003 | CL-VaPUC | ||
| 008 | 140324e20130000cl |||||||||||||||||spa|d | ||
| 020 | |a 9789568888305 | ||
| 082 | 0 | 4 | |a 890 |b FER |2 21 |
| 100 | 0 | |a Fernández Parrilla, Gonzalo |e author |9 573465 | |
| 245 | 1 | 0 | |a Aproximaciones a la literatura marroquí |
| 250 | |a 1a. ed | ||
| 300 | |a 54 p | ||
| 942 | |c BK | ||
| 945 | |d 20140324 12:18:00 |a dcastane | ||
| 260 | |a Coquimbo |b Centro Mohammed VI |c 2013 | ||
| 650 | 7 | |a LITERATURA ARABE |2 CL-VaPUC |9 323185 | |
| 650 | 0 | |a Crítica e interpretación |9 255042 | |
| 583 | |a last modification |c 20140324 12:18:00 |k Rodrigo Vera | ||
| 999 | |c 355015 |d 355013 | ||
| 952 | |0 0 |1 0 |3 erb |4 0 |6 890_000000000000000_FER_2013 |7 0 |8 C |9 461316 |a BIBCUR |b BIBCUR |i 5063698 |o 890 FER 2013 |p 5063698 |r 2025-04-22 |w 2019-11-23 |y BK |z Catalogado en:20140324 |k CAC | ||
| 952 | |0 0 |1 0 |3 erb |4 0 |6 890_000000000000000_FER_2013 |7 0 |8 A |9 461317 |a BIBEDU |b BIBEDU |i 5063582 |o 890 FER 2013 |p 5063582 |r 2019-11-23 |w 2019-11-23 |y BK |z Catalogado en:20140324 |k CUE | ||
| 952 | |0 0 |1 0 |3 erb |4 0 |6 890_000000000000000_FER_2013 |7 0 |8 A |9 461318 |a BIBING |b BIBING |i 5063809 |o 890 FER 2013 |p 5063809 |r 2025-01-20 |w 2019-11-23 |y BK |z Catalogado en:20140324 |k CUI | ||